00413 a2200145 4500003000400000005001700004008004100021020001800062040000900080082001500089100003200104245008500136260003600221300001000257OSt20231106154346.0231106b |||||||| |||| 00| 0 eng d a9789384355166 coclc a297bKUR/S aKurup, K K Nd1939- author. aThuhfathul mujahidheenum Shaik Sainudheen Maqdhoom randamanum /cDr. K K N Kurup aKerala:bVachanam books,c2017. a159 p